000 01107cam a22003377a 4500
003 CHAP
005 20220817043257.0
008 971013s r 00010 d
010 _a70315
011 _a71287
035 _a80841
040 _cCHAP
082 _a636.085
_bM4
100 0 0 _aCaetano Lacuesta, Gerónimo J.
_917077
245 1 4 _aLos ovinos para carne y lana y su correcto manejo
260 _a(s.l.) :
_bDirección General de Extensión Agrícola,
_c(s.a.)
300 _a35 p.
410 0 0 _aMéxico. Dirección General de Extensión Agrícola
490 _aBoletín técnico
501 _aEnc. con otros impresos similares
590 _aBATCH-UPD
_b10
_c20130110
_lUCH01
_h0616
590 _aBATCH-UPD
_b10
_c20130410
_lUCH01
_h0258
590 _aBATCH-UPD
_b10
_c20130914
_lUCH01
_h0654
590 _aCONVERSION
_b10
_c20130109
_lUCH01
_h1339
650 1 4 _aGanado lanar.
_945150
810 0 0 _aMéxico. Dirección General de Extensión Agrícola
830 0 _aBoletín técnico
_913560
901 _aBK
942 _cLIBRO
949 _a636.085 M4
_bBC
_cLIBRO
_d-33838
_eLIBRO
_i80841
_mD
_si
999 _c70315
_d70315